000 00269nam a2200109Ia 4500
005 20251222153558.0
008 251222s9999||||xx |||||||||||||| ||spa||
082 _a370.176/P14
100 _a"Padilla Colonio, FalĂș"
245 0 _aEstrategias de aprendizaje
942 _cLIB
999 _c31131
_d31131